Biggest Countries Without Megacities - Statistics

General Stats
  • This quiz has been taken 37 times
    7 since last reset
  • The average score is 8 of 15
Answer Stats
Population Country % Correct
47.9M Spain
86%
83.9M Germany
71%
47.6M Algeria
57%
136.4M Ethiopia
57%
47.3M Iraq
57%
59.1M Italy
57%
57.8M Kenya
57%
54.9M Myanmar
57%
52.1M Sudan
57%
71.1M Tanzania
57%
39.4M Ukraine
57%
40.2M Canada
43%
51.8M Uganda
43%
44.2M Afghanistan
29%
42.1M Yemen
14%
No matching quizzes found
Score Distribution
Percent of People with Each Score
Percentile by Number Answered
Your Score History
You have not taken this quiz since the last reset